La doctrine sociale de L'eglise. Recherche et dialogue.
Uloženo v:
| Hlavní autor: | |
|---|---|
| Médium: | Kniha |
| Jazyk: | angličtina |
| Vydáno: |
Paris, France:
Presses universitaires de France,
1965.
|
| Témata: | |
| Tagy: |
Přidat tag
Žádné tagy, Buďte první, kdo vytvoří štítek k tomuto záznamu!
|
MARC
| LEADER | 00000nam a22000007a 4500 | ||
|---|---|---|---|
| 003 | CL-VaPUC | ||
| 005 | 20250103100420.0 | ||
| 008 | 230927t1965 ||||| |||| 00| 0 eng d | ||
| 999 | |c 441864 |d 441862 | ||
| 040 | |c Pontificia Universidad Católica de Valparaíso | ||
| 082 | |2 22 |a 261.1 BIG 1965 | ||
| 100 | |a Bigo, Pierre |e autor |9 317623 | ||
| 245 | |a La doctrine sociale de L'eglise. |b Recherche et dialogue. | ||
| 260 | |a Paris, France: |b Presses universitaires de France, |c 1965. | ||
| 300 | |a 540 páginas. | ||
| 500 | |a c.1 Donación Sr. Jorge Precht Pizarro. 26-05-23. Biblioteca Teología. | ||
| 583 | |c 20230927 |k Yessy Sthefany Diaz Vidal | ||
| 650 | 0 | |a Iglesia Católica |x Doctrina social |y Siglo 20 |9 256114 | |
| 942 | |2 ddc |c BK | ||
| 952 | |0 0 |1 0 |2 ddc |4 0 |6 261_100000000000000_BIG_1965 |7 0 |8 A |9 591708 |a BIBTEO |b BIBTEO |d 2023-09-27 |e Donación |i 5658750 |o 261.1 BIG 1965 |p 5658750 |r 2025-01-17 |t 1 |w 2023-09-27 |y BK |k ICR | ||